Tajuplný příběh Bílé paní vyprávění zámecké kašny

Další autoři: Jirásko, Luděk, 1948-, Přibyl, Petr, 1954-, Kaška, Antonín, 1957-, Jakoubková, Eva, 1952-2005, Zawadská, Valérie, 1958-, Klimentová, Ivana, 1975-
Jazyk: Čeština
Vydáno: Plzeň : Antonín Kaška, [2002?]
Témata:
Fyzický popis: 1 zvuková deska ; 12 cm + 1 leták (12 x 12 cm)
Zvukové nahrávky
Uloženo v:
LEADER 01694njm a2200433 a 4500
001 000637489
003 CZ BrMZK
005 20210411092730.0
007 sd fsngnnmmned
008 021121s2002 xr f cze d
028 0 1 |a AK 001  |b Antonín Kaška 
040 |a BOA001  |b cze 
043 |a e-xr--- 
080 |a 82-34  |2 MRF 
080 |a (437.3)  |2 MRF 
080 |a 929  |2 MRF 
080 |a 929.7-055.2  |2 MRF 
080 |a 398.41/.42  |2 MRF 
245 0 0 |a Tajuplný příběh Bílé paní  |h [zvukový záznam] :  |b vyprávění zámecké kašny 
260 |a Plzeň :  |b Antonín Kaška,  |c [2002?] 
300 |a 1 zvuková deska ;  |c 12 cm +  |e 1 leták (12 x 12 cm) 
500 |a Nahráno ve studiu Národního divadla v Praze v červnu 1998 
500 |a Text Luděk Jirásko 
508 |a Hudba Petr Přibyl 
511 0 |a Vypravěč Antonín Kaška 
511 0 |a Účinkují: Eva Jakoubková (Kašna), Valérie Zavadská (Bába), Ivana Klimentová (Perchta) 
511 0 |a Petr Přibyl, klávesové nástroje 
650 0 7 |a šlechtičny  |7 ph127828  |z Česko  |y 15. stol.  |2 czenas 
650 0 7 |a duchové  |7 ph119640  |x Česko  |2 czenas 
655 7 |a pověsti  |7 fd133104  |2 czenas 
700 1 |a Jirásko, Luděk,  |d 1948-  |7 jk01051852  |4 aut 
700 1 |a Přibyl, Petr,  |d 1954-  |7 jn19981002060  |4 mus  |4 cmp 
700 1 |a Kaška, Antonín,  |d 1957-  |7 ola2002147008  |4 nrt 
700 1 |a Jakoubková, Eva,  |d 1952-2005  |7 mzk2005289784  |4 prf 
700 1 |a Zawadská, Valérie,  |d 1958-  |7 ola200205999  |4 prf 
700 1 |a Klimentová, Ivana,  |d 1975-  |7 xx0202377  |4 prf 
910 |a BOA001  |b CDA-1110.728 
990 |a AV 
996 6 |b 2610176813  |c CDA-1110.728  |l MZK  |r Sklad / do 24 hodin  |n 1  |p p.v.  |w 000637489  |u 000010  |a 1  |e BOA001  |j MZK50  |s P